00766nam a2200157Ia 4500082002400000245003900024260003500063500021000098650003500308650004500343650004200388650005100430650004300481710005000524710003400574 aRR 030.021096 UNI-A 0aAfrican statistical yearbook: 2004 aNew YorkbUnited Nationsc2004 acontents: v.1. (pt.1), (North Africa) - (pt.2), (Western Africa) - v. 2. (pt.3), (Central Africa) - (pt.5.), (Southern Africa) - (pt.4), ( East Africa) - Acc No. S-107 (2006), (v.p.), (978-92-1-025162-4) aAfricavPopulationvStatistics aAfricavEconomic developmentvStatistics aIndustrializationvStatisticszAfrica aAfricavStatisticsvHand books, mannuals, etc. aEconomicsvStatistical methodsvAfrica aUnited Nations Economic Commission for Africa aAfrican Centre for Statistics